| 000 | 01103cam a22003497a 4500 | ||
|---|---|---|---|
| 003 | CHAP | ||
| 005 | 20220817041131.0 | ||
| 008 | 971013s1991 r 00010 d | ||
| 010 | _a7118 | ||
| 011 | _a8090 | ||
| 035 | _a7315 | ||
| 040 | _cCHAP | ||
| 082 |
_a636.08 _bB69 |
||
| 100 | 0 | 0 |
_aBoyazoglu, J. _eed. _914865 |
| 245 | 1 | 4 | _aThe livestock production sector in eastern Europe as affected by current changes |
| 260 |
_aWageningen : _bPudoc, _c1991 |
||
| 300 | _a232 p. | ||
| 490 | 0 |
_aEAAP. Publication _v; 57 |
|
| 500 | _a64-85 | ||
| 590 |
_aBATCH-UPD _b10 _c20130110 _lUCH01 _h1225 |
||
| 590 |
_aBATCH-UPD _b10 _c20130410 _lUCH01 _h0758 |
||
| 590 |
_aBATCH-UPD _b10 _c20130914 _lUCH01 _h1226 |
||
| 590 |
_aCONVERSION _b10 _c20130109 _lUCH01 _h1305 |
||
| 650 | 1 | 4 |
_aGanadería _xAspectos económicos _xEuropa. _944632 |
| 650 | 1 | 4 |
_aGanado _xMercadeo. _944928 |
| 650 | 1 | 4 |
_aGanado _xProducción. _944945 |
| 700 | 0 |
_aRenaud, J. _995895 |
|
| 830 | 0 |
_aEAAP Publication _v; 57 |
|
| 901 | _aBK | ||
| 942 | _cLIBRO | ||
| 949 |
_a636.08 B69 _bBC _cLIBRO _d33724000257879 _eLIBRO _gI.166600 _h83034 _i7315 _si _t241.00 |
||
| 999 |
_c7118 _d7118 |
||